00354nam a22001337a 4500008004100000020001500041041000800056080001000064100000700074101000800081245010200089942001200191999001700203181010b xxu||||| |||| 00| 0 eng d a0898596823 aeng a159.9 a48 aPSI aHandbook of Cognitive, Social, and Neuropsychological Aspects of Learning Disabilities cGeci,S.J 2udccBK c49283d49283